Normal view
MARC view
- ادارة الاعمال- القيادة التحويليه
Entry Topical Term
001 - CONTROL NUMBER
- control field: 59678
003 - CONTROL NUMBER IDENTIFIER
- control field: JO-AjAnu
005 - DATE AND TIME OF LATEST TRANSACTION
- control field: 20230606083746.0
008 - FIXED-LENGTH DATA ELEMENTS
- fixed length control field: 230606|| aca||aabn | a|a d
040 ## - CATALOGING SOURCE
- Original cataloging agency: JO-AjAnu
- Transcribing agency: JO-AjAnu
150 ## - HEADING--TOPICAL TERM
- Topical term or geographic name entry element: ادارة الاعمال- القيادة التحويليه
670 ## - SOURCE DATA FOUND
- Source citation: Work cat.: (JO-AjAnu)30435: إعداد وكاع، رافع طلب احمد؛ إشراف بدر عايد القعيد , author 59677, القيادة التحويلية واثرها على إدارة الأزمات التكنولوجية في شركة زين للاتصالات في الأردن =Trasformational Leadershhip in zain Telecom company in jordan